00405nam a22001457a 450000500170000000800410001702000150005804100130007308200150008610000130010124500460011426000450016030000290020565000250023420231123135734.0231123b |||||||| |||| 00| 0 eng d a0862103053 aEnglish  a341.48 AMN lEnglish  aRacism and the Administration of Justice  aLondon : bAmnesty International, c2001 bv, 126 pages ; c24 cm.  aLegal practice bLaw